Anthology regions : (Record no. 7698)

MARC details
000 -LEADER
fixed length control field 00627nam a22001937a 4500
003 - CONTROL NUMBER IDENTIFIER
control field OSt
005 - DATE AND TIME OF LATEST TRANSACTION
control field 20260122054501.0
008 - FIXED-LENGTH DATA ELEMENTS--GENERAL INFORMATION
fixed length control field 260122b |||||||| |||| 00| 0 eng d
020 ## - INTERNATIONAL STANDARD BOOK NUMBER
International Standard Book Number 0-02-147599-7.
040 ## - CATALOGING SOURCE
Original cataloging agency DWCL-Main lib
Transcribing agency OC
082 ## - DEWEY DECIMAL CLASSIFICATION NUMBER
Classification number Circ. 300 An628 1997
100 ## - MAIN ENTRY--PERSONAL NAME
Personal name Banks, James A. Et Al.
245 ## - TITLE STATEMENT
Title Anthology regions :
Remainder of title adventures in time and place
Statement of responsibility, etc. Banks, James A Et. Al.
260 ## - PUBLICATION, DISTRIBUTION, ETC.
Place of publication, distribution, etc. N. Y. :
Name of publisher, distributor, etc. McGraw-Hill School Division,
Date of publication, distribution, etc. [c1997]
300 ## - PHYSICAL DESCRIPTION
Extent x, 207 pages :
Other physical details illustration ;
Dimensions 27 cm.
650 ## - SUBJECT ADDED ENTRY--TOPICAL TERM
Source of heading or term 1. Geography.
650 ## - SUBJECT ADDED ENTRY--TOPICAL TERM
Source of heading or term 2. Social sciences-Study and teaching.
942 ## - ADDED ENTRY ELEMENTS (KOHA)
Source of classification or shelving scheme Dewey Decimal Classification
Koha item type Book Circulation
Call number prefix Circ.
Suppress in OPAC No
952 ## - LOCATION AND ITEM INFORMATION (KOHA)
--
Holdings
Withdrawn status Lost status Source of classification or shelving scheme Damaged status Not for loan Home library Current library Shelving location Date acquired Source of acquisition Cost, normal purchase price Total Checkouts Full call number Barcode Date last seen Copy number Price effective from Koha item type Uniform Resource Identifier
    Dewey Decimal Classification     College Library College Library Circulation 11/02/2007 Donation 0.00   Circ. 300 An628 1997 45310 01/22/2026 c1 01/22/2026 BK-CIRC